000 01226naa a22003257a 4500
001 BR7405457
003 BR-BrBNA
005 20240918173623.0
007 ta
008 230509b bl.||||| |||| 00| 0 por d
040 _aBR-BrBNA
_bpor
_cBiblioteca Nacional de Agricultura
041 _a(Pt)
072 _aL30
_b6100
_b0150
_b8959
_b8954
090 _aL30 BR7405457
100 1 _aMaier, J.C.
100 1 _aPeixoto, R.R.
111 1 _a11. Reuniao da Sociedade Brasileira de Zootecnia
_cFortaleza, CE (Brazil)
_d22 Jul 1974
245 1 _aUso de farelo de arroz bruto e desengordurado em racoes para aves em crescimento [Oryza sativa]
260 3 _aFortaleza, CE (Brasil):
_bUniversidade Federal do Ceara,
_c1974.
500 _aAnais da 11. Reuniao da Sociedade Brasileira de Zootecnia Fortaleza, CE (Brasil): Universidade Federal do Ceara, 1974. p. 200-201 (BR7405457-AM)L30
650 _aNutricao animal
650 _aPinto
650 _aArroz
650 _aFarelo
650 _aRacao
650 _aGanho de peso
773 0 _tAnais da 11. Reuniao da Sociedade Brasileira de Zootecnia
_wL30 BR7405457
_gFortaleza, CE (Brasil), 1974. p. 200-201
909 _a202404
_bLucia
_c55
_dLucia Elande
942 _cAM
_2AGRIS
999 _c305793
_d305793